Oklahoma Football Receiving Yards Leaders every year since 2004 - Statistics

General Stats
  • This quiz has been taken 19 times
  • The average score is 12 of 21
Answer Stats
Year Answer # Yards % Correct
2019 CeeDee Lamb 2 1,327
100%
2018 Hollywood Brown 5 1,318
93%
2017 Hollywood Brown 5 1,095
93%
2016 Dede Westbrook 11 1,524
71%
2023 Drake Stoops 12 962
64%
2022 Marvin Mims 17 1,083
64%
2021 Marvin Mims 17 705
64%
2020 Marvin Mims 17 610
64%
2011 Ryan Broyles 85 1,157
57%
2010 Ryan Broyles 85 1,622
57%
2009 Ryan Broyles 85 1,120
57%
2015 Sterling Shepard 3 1,288
57%
2014 Sterling Shepard 3 970
57%
2024 Bauer Sharp 10 324
50%
2012 Kenny Stills 4 959
50%
2004 Mark Clayton 9 876
36%
2013 Jalen Saunders 8 729
29%
2008 Juaquin Iglesias 9 1,150
21%
2007 Juaquin Iglesias 9 907
21%
2006 Malcolm Kelly 4 993
21%
2005 Malcolm Kelly 4 471
21%
No matching quizzes found
Score Distribution
Percent of People with Each Score
Percentile by Number Answered
Your Score History
You have not taken this quiz